Introduction to Quantum Groups

Saved in:
Bibliographic Details
Main Author: Lusztig, George 1946-
Format: Book
Language:English
Published: Boston : Birkhauser, 1994
Series:Progress in mathematics (Boston, Mass.) ; 110
Subjects:
Tags: Add Tag
No Tags, Be the first to tag this record!

MARC

LEADER 00000nam a2200000 i 4500
001 1/51930
008 950927s1994 eng d
020 |a 0-8176-3712-5 
020 |a 3-7643-3712-5 
035 |a 1995  |c ΚΕΧΑΓΙΑΣ  |l 10044280 
040 |a GR-MY-UA  |b gre  |e aacr 
041 0 |a eng 
082 0 |a 530.15255 
100 1 |a Lusztig, George  |d 1946- 
245 1 0 |a Introduction to Quantum Groups /  |c George Lusztig 
260 |a Boston :   |b Birkhauser,   |c 1994 
300 |a 340 p.;  |c 25 cm. 
490 1 |a Progress in mathematics (Boston, Mass.)  |v ; 110 
500 |a Includes bibliographical references and index 
650 0 0 |a Quantum groups. 
650 0 0 |a Mathematical physics. 
830 0 |a Progress in mathematics (Boston, Mass.)  |v ; 110 
852 |a INST  |b SAMOS  |e 19950927  |h 530.15255 LUS  |p 005300004796  |q 005300004796  |t BK  |y 0 
909 |a Σ  |b 042411